Effect of Levels of Nitrogen and Spacing of Growth, Flowering Corm Yield and Shelf Life of Gladiolus (Gladiolus Gandavensis) (Record no. 50252)

MARC details
000 -LEADER
fixed length control field 00515nam a22001697a 4500
003 - CONTROL NUMBER IDENTIFIER
control field OSt
008 - FIXED-LENGTH DATA ELEMENTS--GENERAL INFORMATION
fixed length control field 260429b |||||||| |||| 00| 0 eng d
082 ## - DEWEY DECIMAL CLASSIFICATION NUMBER
Classification number 635.93424
Item number S11E
100 ## - MAIN ENTRY--PERSONAL NAME
Personal name Sah, Kapil Dev
245 ## - TITLE STATEMENT
Title Effect of Levels of Nitrogen and Spacing of Growth, Flowering Corm Yield and Shelf Life of Gladiolus (Gladiolus Gandavensis)
260 ## - PUBLICATION, DISTRIBUTION, ETC. (IMPRINT)
Place of publication, distribution, etc Pusa, Samastipur
Name of publisher, distributor, etc RAU
Date of publication, distribution, etc 2003
300 ## - PHYSICAL DESCRIPTION
Extent 59P.
502 ## - DISSERTATION NOTE
Degree type Msc.
Year degree granted 2003
650 ## - SUBJECT ADDED ENTRY--TOPICAL TERM
Topical term or geographic name as entry element Vegetable and Floriculture
650 ## - SUBJECT ADDED ENTRY--TOPICAL TERM
Topical term or geographic name as entry element Horticulture
942 ## - ADDED ENTRY ELEMENTS (KOHA)
Source of classification or shelving scheme
Koha item type Thesis
Holdings
Withdrawn status Lost status Source of classification or shelving scheme Damaged status Not for loan Home library Current library Date acquired Total Checkouts Full call number Barcode Date last seen Bill Date Koha item type
          Dr. Rajendra Prasad Central Agricultural University Pusa, Dr. Rajendra Prasad Central Agricultural University Pusa, 29/04/2026   635.93424 S11E 50660 29/04/2026 29/04/2026 Thesis
Hosted, Implemented, Customized & Maintained by: BestBookBuddies

Powered by Koha